[Event "GCT Saint Louis (blitz) 2019"]
[Site "Saint Louis USA"]
[Date "2019.08.13"]
[Round "8"]
[White "Caruana, Fabiano"]
[Black "Mamedyarov, Shakhriyar"]
[Result "0-1"]
[WhiteElo "2818"]
[BlackElo "2764"]
[PlyCount "74"]
[EventDate "2019.08.13"]

1. e4 e5 2. Nf3 Nc6 3. Bc4 Bc5 4. c3 Nf6 5. d3 d6 6. O-O h6 7. Re1 O-O 8. h3 a5
9. Bb3 Re8 10. Nbd2 Be6 11. Ba4 Bd7 12. Nf1 Ne7 13. d4 exd4 14. cxd4 Bb4 15.
Re2 Bxa4 16. Qxa4 d5 17. e5 Ng6 18. Ng3 Nd7 19. Qb3 Nb6 20. Nf5 Qd7 21. Qc2
Rac8 22. b3 c5 23. Nd6 cxd4 24. Nxc8 Rxc8 25. Qd3 Rc3 26. Qxd4 Qb5 27. Qd1 Rxf3
28. gxf3 Bc3 29. Rb1 d4 30. Re4 Qd7 31. Kh2 Qf5 32. Qe2 Nd7 33. Bd2 Bxd2 34.
Qxd2 Ndxe5 35. Qe2 Nxf3+ 36. Kg3 Ng5 37. Rg4 Qxb1 0-1

[Event "GCT Saint Louis (blitz) 2019"]
[Site "Saint Louis USA"]
[Date "2019.08.13"]
[Round "8"]
[White "Yu, Yangyi"]
[Black "Karjakin, Sergey"]
[Result "0-1"]
[WhiteElo "2752"]
[BlackElo "2750"]
[PlyCount "138"]
[EventDate "2019.08.13"]

1. e4 c6 2. d3 d5 3. f4 g6 4. Be2 Bg7 5. Nf3 Nh6 6. c3 Qb6 7. e5 Bg4 8. a4 a5
9. Nd4 Bxe2 10. Qxe2 e6 11. Be3 Qa6 12. Nd2 Nd7 13. N2b3 Ng8 14. O-O h5 15. Bf2
Bf8 16. Bh4 Be7 17. Bg5 Qb6 18. Kh1 Qc7 19. Nf3 Bxg5 20. Nxg5 Nh6 21. Nd4 Qb6
22. Rab1 Nc5 23. Qc2 Nf5 24. Nxf5 gxf5 25. b4 axb4 26. Rxb4 Qa6 27. c4 d4 28.
h4 Rd8 29. Rfb1 Rd7 30. Kh2 Qa5 31. Qe2 Kf8 32. Qf3 Qd8 33. Rb6 Qa8 34. R6b4
Kg7 35. Qg3 Kh6 36. Qf3 Qd8 37. Qe2 Qe7 38. Qc2 Ra8 39. Qd1 Rdd8 40. Qc2 Ra7
41. Qd1 Rda8 42. Qg1 Qd7 43. Qd1 Rxa4 44. Rxa4 Rxa4 45. Rb2 Ra3 46. Rd2 Qe7 47.
Qc1 Nb3 48. Qb2 Nxd2 49. Qxd2 Rb3 50. Qe2 b5 51. cxb5 cxb5 52. Nf3 b4 53. Qa2
Rxd3 54. Qc4 Rxf3 55. gxf3 Qxh4+ 56. Kg2 Qxf4 57. Qc7 Qg5+ 58. Kf2 Kg7 59. Qd6
Qe3+ 60. Kg2 d3 61. Qd8 Qh6 62. Qxd3 Qg5+ 63. Kf2 h4 64. Qd4 h3 65. Qxb4 Qg2+
66. Ke3 h2 67. Qh4 h1=Q 68. Qf6+ Kh7 69. Qxf7+ Qg7 0-1

[Event "GCT Saint Louis (blitz) 2019"]
[Site "Saint Louis USA"]
[Date "2019.08.13"]
[Round "8"]
[White "Dominguez Perez, Leinier"]
[Black "Vachier-Lagrave, Maxime"]
[Result "1-0"]
[WhiteElo "2763"]
[BlackElo "2778"]
[PlyCount "97"]
[EventDate "2019.08.13"]

1. e4 c5 2. Nf3 d6 3. d4 cxd4 4. Nxd4 Nf6 5. Nc3 a6 6. Be3 e5 7. Nb3 Be7 8. f3
Be6 9. Qd2 Nbd7 10. g4 b5 11. O-O-O O-O 12. g5 b4 13. Ne2 Nh5 14. Ng3 Nf4 15.
h4 a5 16. Kb1 a4 17. Nc1 b3 18. cxb3 axb3 19. a3 Qc7 20. Bxf4 exf4 21. Nf5 Ne5
22. Nxe7+ Qxe7 23. Qxd6 Qxd6 24. Rxd6 Nxf3 25. Be2 Ne5 26. Rf1 Rfc8 27. Rxf4
Rc2 28. Rf1 g6 29. Rfd1 Kg7 30. R1d2 Rc7 31. Rd1 Ra5 32. Rb6 Rc2 33. Bd3 Rh2
34. Nxb3 Bxb3 35. Rxb3 Nxd3 36. Rbxd3 Rxh4 37. Rd5 Ra8 38. R1d4 Rg4 39. a4 Re8
40. a5 Rexe4 41. Rxe4 Rxe4 42. a6 Ra4 43. Rd6 Ra5 44. Kc2 Rxg5 45. b4 Rg2+ 46.
Kb3 Rg1 47. Rd2 Rb1+ 48. Rb2 Rc1 49. a7 1-0

[Event "GCT Saint Louis (blitz) 2019"]
[Site "Saint Louis USA"]
[Date "2019.08.13"]
[Round "9"]
[White "Vachier-Lagrave, Maxime"]
[Black "Aronian, Levon"]
[Result "1-0"]
[WhiteElo "2778"]
[BlackElo "2765"]
[PlyCount "60"]
[EventDate "2019.08.13"]

1. e4 e5 2. Nf3 Nc6 3. Bc4 Bc5 4. c3 Nf6 5. d3 a6 6. O-O d6 7. a4 Ba7 8. Re1
O-O 9. h3 b5 10. Bb3 b4 11. Nbd2 bxc3 12. bxc3 Na5 13. Bc2 Rb8 14. Nf1 Be6 15.
Bg5 h6 16. Bh4 g5 17. Nxg5 hxg5 18. Bxg5 Kg7 19. Qf3 Rh8 20. Ne3 Rb2 21. Re2
Kg6 22. Nf5 Kxg5 23. Qg3+ Kh5 24. Bd1 Bxf5 25. Rxb2+ Kh6 26. exf5 Nh7 27. Rb4
Ng5 28. Rg4 f6 29. h4 Rh7 30. Rb1 Kg7 1-0

[Event "GCT Saint Louis (blitz) 2019"]
[Site "Saint Louis USA"]
[Date "2019.08.13"]
[Round "9"]
[White "Carlsen, Magnus"]
[Black "Rapport, Richard"]
[Result "1-0"]
[WhiteElo "2882"]
[BlackElo "2747"]
[PlyCount "96"]
[EventDate "2019.08.13"]

1. e4 e6 2. f4 d5 3. e5 c5 4. Nf3 Nh6 5. Na3 Nc6 6. c3 Nf5 7. Nc2 Nh4 8. Nxh4
Qxh4+ 9. g3 Qd8 10. d4 Bd7 11. Be3 Qb6 12. Rb1 cxd4 13. Nxd4 Bc5 14. Be2 Nxd4
15. Bxd4 Bxd4 16. Qxd4 Qxd4 17. cxd4 Ke7 18. Kd2 Rac8 19. Rbc1 Rxc1 20. Rxc1
Rc8 21. Rf1 Rc6 22. Rf3 Rb6 23. b3 Bb5 24. Bd1 Ra6 25. a4 Bd7 26. g4 h6 27. h4
Rb6 28. Bc2 a5 29. Rf1 Rc6 30. Rb1 Rb6 31. Re1 Rc6 32. Rg1 Rc8 33. Bd3 Rc7 34.
Rb1 Rc8 35. b4 b6 36. bxa5 bxa5 37. Rb7 Kd8 38. Ra7 Rb8 39. Rxa5 Rb4 40. Ra8+
Kc7 41. Ra7+ Kc8 42. Kc3 Rxa4 43. Ba6+ Kb8 44. Rxd7 Rxa6 45. Rxf7 h5 46. Rxg7
hxg4 47. h5 Ra3+ 48. Kb4 Rh3 1-0

[Event "GCT Saint Louis (blitz) 2019"]
[Site "Saint Louis USA"]
[Date "2019.08.13"]
[Round "9"]
[White "Karjakin, Sergey"]
[Black "Dominguez Perez, Leinier"]
[Result "1-0"]
[WhiteElo "2750"]
[BlackElo "2763"]
[PlyCount "85"]
[EventDate "2019.08.13"]

1. d4 Nf6 2. Nf3 d5 3. e3 c5 4. b3 Bg4 5. Be2 Nc6 6. Bb2 Bxf3 7. Bxf3 cxd4 8.
exd4 e6 9. O-O Bd6 10. c4 O-O 11. Na3 Rc8 12. g3 Re8 13. Bg2 Bxa3 14. Bxa3 dxc4
15. bxc4 Qxd4 16. Qa4 Ne5 17. Rfd1 Qxc4 18. Qxa7 b5 19. Bb2 Qe2 20. Bd4 Nf3+
21. Bxf3 Qxf3 22. Rdb1 Ne4 23. Rxb5 h6 24. Rb3 Qf5 25. Be3 Ra8 26. Qd4 Red8 27.
Qb2 h5 28. h4 Nf6 29. a4 Nd5 30. Bd4 Qg4 31. a5 Nf4 32. Be3 Nd5 33. Bd2 Qc4 34.
Rb7 Rdc8 35. a6 Rxa6 36. Rc1 Qxc1+ 37. Bxc1 Rac6 38. Bd2 Rc2 39. Qd4 Ra8 40.
Qd3 Rca2 41. Qf3 Nf6 42. Bg5 R8a3 43. Qf4 1-0

[Event "GCT Saint Louis (blitz) 2019"]
[Site "Saint Louis USA"]
[Date "2019.08.13"]
[Round "9"]
[White "Mamedyarov, Shakhriyar"]
[Black "Yu, Yangyi"]
[Result "0-1"]
[WhiteElo "2764"]
[BlackElo "2752"]
[PlyCount "58"]
[EventDate "2019.08.13"]

1. d4 Nf6 2. Bg5 d5 3. Bxf6 exf6 4. e3 Bd6 5. Nd2 c6 6. Bd3 Be6 7. g4 Nd7 8.
Qf3 a5 9. Ne2 Qb6 10. O-O-O a4 11. a3 O-O-O 12. c4 Qa5 13. Kb1 Kb8 14. h3 Bc7
15. Nc3 dxc4 16. Bxc4 Nb6 17. Bxe6 fxe6 18. Qe4 e5 19. Nf3 exd4 20. Nxd4 Be5
21. Nce2 Rhe8 22. Qxh7 c5 23. Nf3 Bxb2 24. Qc2 Bxa3 25. Ka2 Bb4 26. Rxd8+ Rxd8
27. Rd1 Rxd1 28. Qxd1 Qb5 29. Qc2 Nd5 0-1

[Event "GCT Saint Louis (blitz) 2019"]
[Site "Saint Louis USA"]
[Date "2019.08.13"]
[Round "9"]
[White "Ding, Liren"]
[Black "Caruana, Fabiano"]
[Result "1-0"]
[WhiteElo "2805"]
[BlackElo "2818"]
[PlyCount "85"]
[EventDate "2019.08.13"]

1. c4 e5 2. g3 Nc6 3. Bg2 g6 4. Nc3 Bg7 5. e3 Nge7 6. Nge2 O-O 7. O-O d6 8. d3
Rb8 9. b3 a6 10. Bb2 b5 11. Qd2 Bd7 12. Rac1 h5 13. h4 Bg4 14. Nd5 Nxd5 15.
cxd5 Ne7 16. Rc2 Qd7 17. Rfc1 Rfc8 18. Kh2 Qd8 19. d4 b4 20. e4 Rb6 21. Ng1
exd4 22. Bxd4 Bxd4 23. Qxd4 c5 24. Qe3 Qf8 25. Nh3 Re8 26. Qf4 Nc8 27. Ng5 Rb7
28. Bf1 a5 29. Ba6 Rc7 30. f3 Bd7 31. g4 hxg4 32. fxg4 Na7 33. Rf2 Bb5 34. Bxb5
Nxb5 35. Rcf1 Qh6 36. Kh3 Ree7 37. Qf6 Qg7 38. h5 Qxf6 39. Rxf6 gxh5 40. gxh5
Nc3 41. Rg1 Kg7 42. Rxd6 Kf8 43. Nh7+ 1-0

[Event "72nd ch-RUS 2019"]
[Site "Izhevsk RUS"]
[Date "2019.08.13"]
[Round "3"]
[White "Predke, Alexandr"]
[Black "Inarkiev, Ernesto"]
[Result "1-0"]
[WhiteElo "2650"]
[BlackElo "2682"]
[PlyCount "79"]
[EventDate "2019.08.10"]

1. d4 d5 2. Nf3 Nf6 3. c4 c6 4. Qc2 dxc4 5. Qxc4 Bg4 6. Nbd2 Nbd7 7. g3 e6 8.
Bg2 Be7 9. O-O O-O 10. b3 Rc8 11. Bb2 b5 12. Qc2 c5 13. Rfc1 Nd5 14. Qd1 Qb6
15. dxc5 Nxc5 16. Bd4 Rfd8 17. Qc2 Qb8 18. Qb2 f6 19. Nf1 Qd6 20. a4 b4 21. Rc4
Ne4 22. Rxc8 Rxc8 23. Bxa7 Ndc3 24. Be3 e5 25. N1d2 Nxe2+ 26. Kh1 N4c3 27. Nc4
Qd3 28. Ne1 Qf5 29. a5 e4 30. a6 Bc5 31. Qd2 Nd5 32. Bxc5 Rxc5 33. a7 h6 34.
a8=Q+ Kh7 35. Qe8 Qxf2 36. Nd3 exd3 37. Qxd3+ f5 38. Rf1 Nxg3+ 39. hxg3 Qa2 40.
Rxf5 1-0

[Event "72nd ch-RUS 2019"]
[Site "Izhevsk RUS"]
[Date "2019.08.13"]
[Round "3"]
[White "Jakovenko, Dmitry"]
[Black "Motylev, Alexander"]
[Result "1/2-1/2"]
[WhiteElo "2704"]
[BlackElo "2668"]
[PlyCount "53"]
[EventDate "2019.08.10"]

1. c4 e5 2. Nc3 Nf6 3. Nf3 Nc6 4. e3 Bb4 5. Qc2 Bxc3 6. Qxc3 Qe7 7. d4 Ne4 8.
Qd3 exd4 9. Nxd4 Nc5 10. Qd1 Nxd4 11. Qxd4 O-O 12. Be2 b6 13. O-O Bb7 14. Bd2
Ne6 15. Qc3 Nf4 16. exf4 Qxe2 17. Rae1 Qg4 18. f3 Qf5 19. Re5 Qf6 20. Qd3 Rae8
21. Bc3 Qxf4 22. Rxe8 Rxe8 23. Qxd7 Qe3+ 24. Kh1 Qe2 25. Kg1 Qe3+ 26. Kh1 Qe2
27. Kg1 1/2-1/2

[Event "72nd ch-RUS 2019"]
[Site "Izhevsk RUS"]
[Date "2019.08.13"]
[Round "3"]
[White "Alekseenko, Kirill"]
[Black "Artemiev, Vladislav"]
[Result "0-1"]
[WhiteElo "2668"]
[BlackElo "2757"]
[PlyCount "94"]
[EventDate "2019.08.10"]

1. e4 c6 2. d4 d5 3. e5 Bf5 4. Nf3 e6 5. Be2 h6 6. O-O Ne7 7. Nbd2 Nd7 8. Nb3
g5 9. a4 Bg7 10. a5 O-O 11. c3 Qc7 12. h4 g4 13. Ne1 h5 14. Nd3 Ng6 15. Nf4
Nxf4 16. Bxf4 f6 17. exf6 Qxf4 18. fxg7 Kxg7 19. Qc1 e5 20. c4 Be6 21. c5 a6
22. dxe5 Qxc1 23. Raxc1 Rf4 24. Rfd1 Nxe5 25. Rc3 Re8 26. Re3 Bc8 27. Nd4 Rff8
28. Bd3 Kf6 29. Kh2 Re7 30. Kg3 Rfe8 31. Bc2 Nd7 32. Rxe7 Rxe7 33. b4 Nf8 34.
Kf4 Re5 35. f3 Ne6+ 36. Nxe6 Bxe6 37. Bg6 gxf3 38. gxf3 Bf5 39. Bxf5 Rxf5+ 40.
Ke3 Ke5 41. Rg1 d4+ 42. Kf2 Kd5 43. Rg7 Kc4 44. Rxb7 d3 45. Rd7 Kc3 46. Ke3
Re5+ 47. Kf4 Re1 0-1

[Event "72nd ch-RUS 2019"]
[Site "Izhevsk RUS"]
[Date "2019.08.13"]
[Round "3"]
[White "Sarana, Alexey"]
[Black "Matlakov, Maxim"]
[Result "1/2-1/2"]
[WhiteElo "2655"]
[BlackElo "2710"]
[PlyCount "82"]
[EventDate "2019.08.10"]

1. d4 Nf6 2. c4 e6 3. Nf3 d5 4. Nc3 c6 5. Bg5 h6 6. Bh4 dxc4 7. e4 g5 8. Bg3 b5
9. Be2 Bb7 10. h4 g4 11. Ne5 Nbd7 12. Nxg4 b4 13. Nxf6+ Nxf6 14. Na4 Nxe4 15.
Be5 Rg8 16. Bxc4 Bd6 17. Qh5 Bxe5 18. Qxe5 c5 19. Nxc5 Nxc5 20. dxc5 Rc8 21.
Rd1 Qc7 22. Bb5+ Bc6 23. Qxc7 Rxc7 24. Bxc6+ Rxc6 25. Rc1 Rxg2 26. Rc4 a5 27.
Ke2 Ke7 28. Rh3 Rg8 29. a3 Rgc8 30. axb4 axb4 31. Rb3 Rxc5 32. Rxc5 Rxc5 33.
Rxb4 Kd6 34. Kf3 h5 35. Kg3 Ke5 36. Rb8 f5 37. Rh8 Rb5 38. Rxh5 Rb3+ 39. Kg2
Kf4 40. Rg5 Rxb2 41. Rg3 e5 1/2-1/2

[Event "72nd ch-RUS 2019"]
[Site "Izhevsk RUS"]
[Date "2019.08.13"]
[Round "3"]
[White "Dreev, Aleksey"]
[Black "Fedoseev, Vladimir3"]
[Result "1/2-1/2"]
[WhiteElo "2662"]
[BlackElo "2671"]
[PlyCount "81"]
[EventDate "2019.08.10"]

1. d4 Nf6 2. c4 g6 3. Nc3 d5 4. Nf3 Bg7 5. Bf4 dxc4 6. e3 c5 7. Bxc4 cxd4 8.
Nxd4 O-O 9. O-O Nbd7 10. Bg3 Nc5 11. Rc1 Qb6 12. Ncb5 Ne8 13. Qc2 e5 14. Nf3
Bf5 15. Qe2 Bg4 16. Qc2 Bf5 17. Qe2 Rd8 18. Rfd1 Rxd1+ 19. Rxd1 Bg4 20. h3 Bh5
21. Qc2 a6 22. Nc3 Bxf3 23. gxf3 Nd6 24. Nd5 Qd8 25. Bf1 Ne6 26. Nc3 Qc7 27.
Bd3 Rc8 28. h4 Nc5 29. Bf1 Ne6 30. Qb3 Nc5 31. Qc2 Qe7 32. Nd5 Qf8 33. Rc1 Kh8
34. Qd1 Nf5 35. b4 Ne6 36. Rxc8 Qxc8 37. Qd3 Qd8 38. Nc3 Qe7 39. Nd5 Qd6 40.
Kg2 h5 41. a4 1/2-1/2

[Event "72nd ch-RUS 2019"]
[Site "Izhevsk RUS"]
[Date "2019.08.13"]
[Round "3"]
[White "Vitiugov, Nikita"]
[Black "Tomashevsky, Evgeny"]
[Result "1/2-1/2"]
[WhiteElo "2728"]
[BlackElo "2706"]
[PlyCount "71"]
[EventDate "2019.08.10"]

1. e4 e5 2. Nf3 Nc6 3. Bc4 Bc5 4. c3 Nf6 5. d4 exd4 6. e5 d5 7. Bb5 Ne4 8. cxd4
Bb6 9. Nc3 O-O 10. Be3 Bg4 11. h3 Bh5 12. Qc2 Nxc3 13. bxc3 f6 14. exf6 Qxf6
15. Be2 Bg6 16. Qb3 Qd6 17. O-O h6 18. a4 Be4 19. Nd2 Bf5 20. Rfe1 Rad8 21. Bg4
Na5 22. Qd1 c6 23. g3 Qg6 24. Bxf5 Qxf5 25. Qg4 Bc7 26. Qxf5 Rxf5 27. Kg2 Re8
28. Rab1 Rf7 29. Rec1 Ree7 30. h4 Bd6 31. Rc2 Kf8 32. Kh3 Ke8 33. Kg4 Kd8 34.
Kh3 Ke8 35. Kg4 Kd8 36. Kh3 1/2-1/2

[Event "GCT Saint Louis (blitz) 2019"]
[Site "Saint Louis USA"]
[Date "2019.08.14"]
[Round "10"]
[White "Vachier-Lagrave, Maxime"]
[Black "Carlsen, Magnus"]
[Result "1/2-1/2"]
[WhiteElo "2778"]
[BlackElo "2882"]
[PlyCount "109"]
[EventDate "2019.08.13"]

1. e4 c5 2. Nf3 Nc6 3. c3 Nf6 4. e5 Nd5 5. Bc4 Nb6 6. Bb3 d5 7. exd6 Qxd6 8.
O-O Be6 9. d4 cxd4 10. Na3 Bxb3 11. axb3 a6 12. Nxd4 Nxd4 13. Be3 Nf5 14. Qxd6
Nxd6 15. Bxb6 Rc8 16. Rad1 Rc6 17. Be3 e5 18. Rd5 f6 19. Rfd1 Kf7 20. Nc2 Ke6
21. f4 Be7 22. fxe5 fxe5 23. c4 Ne4 24. Ne1 Rd6 25. Nd3 Rxd5 26. cxd5+ Kd6 27.
b4 Rb8 28. Bb6 Bd8 29. Bxd8 Rxd8 30. Re1 Kxd5 31. Nf4+ Kc6 32. Ne6 Rd6 33. Nxg7
Rd4 34. Nf5 Rxb4 35. Re2 a5 36. g4 Ng5 37. Kf2 Rxg4 38. Rxe5 Rb4 39. Rxa5 Rxb2+
40. Kg3 Ne4+ 41. Kf4 Nc5 42. h4 Kd5 43. Ne3+ Kc6 44. Nf5 b6 45. Ra7 Rb4+ 46.
Kg5 Ne4+ 47. Kh6 Nd6 48. Ne7+ Kb5 49. h5 Rh4 50. Nd5 Ne4 51. Rxh7 Kc6 52. Nxb6
Rxh5+ 53. Kxh5 Nf6+ 54. Kg6 Nxh7 55. Kxh7 1/2-1/2

[Event "GCT Saint Louis (blitz) 2019"]
[Site "Saint Louis USA"]
[Date "2019.08.14"]
[Round "10"]
[White "Rapport, Richard"]
[Black "Caruana, Fabiano"]
[Result "1-0"]
[WhiteElo "2747"]
[BlackElo "2818"]
[PlyCount "125"]
[EventDate "2019.08.13"]

1. d4 Nf6 2. Bg5 d5 3. e3 c5 4. c3 Nc6 5. Nd2 cxd4 6. exd4 Bf5 7. Ne2 e6 8. Nc1
Be7 9. Bd3 Bg6 10. h4 Bxd3 11. Nxd3 h6 12. Bxf6 Bxf6 13. Nf3 O-O 14. g4 Re8 15.
g5 e5 16. Kf1 e4 17. Nf4 exf3 18. gxf6 Re4 19. Nh5 g6 20. Ng3 Rf4 21. h5 g5 22.
Qd3 Qd7 23. Re1 Rxf6 24. Re3 Qg4 25. Qb5 Re6 26. Rxe6 Qxe6 27. Qd3 g4 28. Qf5
Re8 29. Qxe6 Rxe6 30. Rh4 Rf6 31. Rxg4+ Kf8 32. Ke1 Nd8 33. Nf1 Rf5 34. Rh4 Ne6
35. Kd2 Ke7 36. Ne3 Rg5 37. Rh3 Ng7 38. Rxf3 Rxh5 39. a4 Rg5 40. Rh3 h5 41. f4
Rg1 42. Nxd5+ Ke6 43. Ne3 Rb1 44. b4 b6 45. d5+ Kd6 46. Rg3 Ne8 47. Rg5 Nf6 48.
Rf5 Ke7 49. d6+ Ke6 50. Rxf6+ Kxf6 51. f5 Rg1 52. Nd5+ Ke5 53. d7 Rg8 54. Ne7
Rh8 55. Nc6+ Kxf5 56. Ke3 h4 57. Kf3 h3 58. d8=Q Rxd8 59. Nxd8 f6 60. Nc6 a6
61. a5 bxa5 62. bxa5 Ke6 63. Nb4 1-0

[Event "GCT Saint Louis (blitz) 2019"]
[Site "Saint Louis USA"]
[Date "2019.08.14"]
[Round "10"]
[White "Ding, Liren"]
[Black "Yu, Yangyi"]
[Result "0-1"]
[WhiteElo "2805"]
[BlackElo "2752"]
[PlyCount "78"]
[EventDate "2019.08.13"]

1. d4 d5 2. c4 c6 3. Nf3 Nf6 4. e3 Bf5 5. Nc3 e6 6. Nh4 Be4 7. f3 Bg6 8. Qb3
Qc7 9. Bd2 Be7 10. Rc1 Nbd7 11. cxd5 exd5 12. Nxg6 hxg6 13. g3 Rd8 14. Kf2 Nf8
15. Bd3 g5 16. h3 g6 17. Ne2 Ne6 18. Kg2 Kf8 19. Be1 Qd7 20. Bf2 Kg7 21. Qc2
Rh7 22. g4 Bd6 23. Bg3 Bxg3 24. Nxg3 Qd6 25. Qf2 b6 26. Bf5 Re8 27. Bxe6 Rxe6
28. Rc3 c5 29. dxc5 bxc5 30. Rhc1 d4 31. exd4 Nd5 32. dxc5 Nf4+ 33. Kf1 Qa6+
34. Rc4 Rxh3 35. b3 Rxg3 36. Qxg3 Qxa2 37. Qf2 Re2 38. Qd4+ Kh7 39. Ra1 Re1+
0-1

[Event "GCT Saint Louis (blitz) 2019"]
[Site "Saint Louis USA"]
[Date "2019.08.14"]
[Round "10"]
[White "Karjakin, Sergey"]
[Black "Aronian, Levon"]
[Result "1-0"]
[WhiteElo "2750"]
[BlackElo "2765"]
[PlyCount "103"]
[EventDate "2019.08.13"]

1. e4 e5 2. Nf3 Nc6 3. Nc3 Nf6 4. d4 exd4 5. Nxd4 Bb4 6. Nxc6 bxc6 7. Bd3 O-O
8. O-O d5 9. Bd2 Bxc3 10. Bxc3 Nxe4 11. Bxe4 dxe4 12. Qh5 Qd6 13. Rfe1 Re8 14.
Re3 Re6 15. Rd1 Qe7 16. Rg3 Rg6 17. Qe5 Be6 18. Rxg6 fxg6 19. Qxe4 Re8 20. Qxc6
Bg4 21. Qc4+ Qe6 22. Qxc7 Qf7 23. Qxf7+ Kxf7 24. Rd5 Bf5 25. f3 Bxc2 26. Ra5
Re7 27. Bd4 Bd3 28. Rxa7 Rxa7 29. Bxa7 g5 30. Kf2 Ke6 31. Ke3 Bf1 32. g3 h5 33.
Kd4 Be2 34. Kc5 Bxf3 35. a4 Kd7 36. a5 Kc7 37. b4 h4 38. b5 Be2 39. Bb6+ Kc8
40. a6 Kd7 41. Ba5 h3 42. g4 Kc8 43. Be1 Kb8 44. Kb6 Bxg4 45. Bg3+ Ka8 46. Ka5
Bc8 47. b6 g4 48. Be5 g5 49. Bd6 g3 50. Bxg3 g4 51. Bf4 g3 52. b7+ 1-0

[Event "GCT Saint Louis (blitz) 2019"]
[Site "Saint Louis USA"]
[Date "2019.08.14"]
[Round "10"]
[White "Mamedyarov, Shakhriyar"]
[Black "Dominguez Perez, Leinier"]
[Result "1-0"]
[WhiteElo "2764"]
[BlackElo "2763"]
[PlyCount "89"]
[EventDate "2019.08.13"]

1. e4 e5 2. Nc3 Nf6 3. g3 Bc5 4. Bg2 c6 5. Nge2 d5 6. exd5 cxd5 7. d4 exd4 8.
Nxd4 O-O 9. O-O Bg4 10. Qd3 Bxd4 11. Qxd4 Nc6 12. Qf4 Bh5 13. Qh4 d4 14. Nd5
Nxd5 15. Qxh5 Nf6 16. Qh4 Nd5 17. Bg5 Qa5 18. Rfd1 h6 19. Bd2 Qd8 20. Qh5 Nf6
21. Qf5 Re8 22. Re1 Qd6 23. a3 a6 24. Rad1 Rad8 25. Bf4 Rxe1+ 26. Rxe1 Qd7 27.
Bh3 Qxf5 28. Bxf5 Nd5 29. Bd2 Kf8 30. Kg2 Nde7 31. Bd3 Rd7 32. g4 Nd5 33. f4
Nb6 34. b3 Rd8 35. h4 Nd7 36. b4 Nb6 37. h5 Nd5 38. Kf3 Nc3 39. g5 hxg5 40.
fxg5 Rd5 41. Bf4 Nb5 42. h6 gxh6 43. gxh6 Ne7 44. h7 Rh5 45. Kg4 1-0

[Event "GCT Saint Louis (blitz) 2019"]
[Site "Saint Louis USA"]
[Date "2019.08.14"]
[Round "11"]
[White "Vachier-Lagrave, Maxime"]
[Black "Rapport, Richard"]
[Result "1-0"]
[WhiteElo "2778"]
[BlackElo "2747"]
[PlyCount "83"]
[EventDate "2019.08.13"]

1. e4 e5 2. Nf3 Nc6 3. Bb5 a6 4. Ba4 Nf6 5. O-O Be7 6. d3 b5 7. Bb3 d6 8. a3 a5
9. Nc3 Rb8 10. Nd5 a4 11. Ba2 Nxd5 12. Bxd5 Bd7 13. b4 axb3 14. cxb3 O-O 15.
Qc2 Na7 16. b4 Nc8 17. Be3 Nb6 18. Bb3 Bg4 19. Nd2 c5 20. h3 Bd7 21. bxc5 dxc5
22. Bxc5 Bxc5 23. Qxc5 Bxh3 24. Qxe5 Qxd3 25. Rad1 Bg4 26. Bxf7+ Kxf7 27. Qf4+
Kg8 28. Qxg4 Qxa3 29. Nf3 Qe7 30. e5 Nc4 31. Rd5 Qe8 32. Rb1 Qc6 33. Rd7 Qg6
34. Qxg6 hxg6 35. e6 Rbe8 36. Rxb5 Rxe6 37. Rbb7 Rf5 38. Rxg7+ Kf8 39. Rh7 Rh5
40. Rhf7+ Ke8 41. Rfc7 Rb6 42. Rc8# 1-0

[Event "GCT Saint Louis (blitz) 2019"]
[Site "Saint Louis USA"]
[Date "2019.08.14"]
[Round "11"]
[White "Yu, Yangyi"]
[Black "Caruana, Fabiano"]
[Result "0-1"]
[WhiteElo "2752"]
[BlackElo "2818"]
[PlyCount "74"]
[EventDate "2019.08.13"]

1. e4 e6 2. d3 d5 3. Qe2 Nf6 4. f4 c5 5. Nf3 Nc6 6. e5 Ng8 7. c3 h5 8. Qd1 Nh6
9. Be3 Nf5 10. Bf2 Be7 11. Be2 b5 12. Na3 a6 13. Nc2 d4 14. cxd4 cxd4 15. O-O
Bb7 16. Rc1 Rc8 17. Qd2 h4 18. a3 a5 19. Nfe1 g5 20. Bg4 h3 21. Nf3 hxg2 22.
Rfe1 Nh4 23. Bxh4 gxh4 24. f5 Rg8 25. Re4 Qd5 26. fxe6 fxe6 27. Ncxd4 Nxd4 28.
Rxc8+ Bxc8 29. Nxd4 Bc5 30. Qe3 Bb7 31. b4 axb4 32. axb4 Bb6 33. h3 Rf8 34. Kh2
Qa2 35. Bh5+ Kd7 36. Be2 Rg8 37. Kg1 Qa1+ 0-1

[Event "GCT Saint Louis (blitz) 2019"]
[Site "Saint Louis USA"]
[Date "2019.08.14"]
[Round "11"]
[White "Carlsen, Magnus"]
[Black "Karjakin, Sergey"]
[Result "1-0"]
[WhiteElo "2882"]
[BlackElo "2750"]
[PlyCount "57"]
[EventDate "2019.08.13"]

1. d4 Nf6 2. c4 e6 3. Nc3 Bb4 4. a3 Bxc3+ 5. bxc3 O-O 6. f3 c5 7. e4 Nc6 8. Be3
b6 9. Bd3 Ba6 10. Nh3 Na5 11. Bg5 h6 12. Bh4 Qc7 13. Bxf6 gxf6 14. Qd2 Kg7 15.
Nf4 Rh8 16. Nh5+ Kf8 17. Qf2 Bxc4 18. Bxc4 Nxc4 19. O-O Rg8 20. Nxf6 Rg6 21. e5
d6 22. f4 Kg7 23. Rae1 cxd4 24. cxd4 Rc8 25. f5 exf5 26. Qxf5 dxe5 27. dxe5
Qc5+ 28. Kh1 Rc7 29. Ne8+ 1-0

[Event "GCT Saint Louis (blitz) 2019"]
[Site "Saint Louis USA"]
[Date "2019.08.14"]
[Round "11"]
[White "Aronian, Levon"]
[Black "Mamedyarov, Shakhriyar"]
[Result "1-0"]
[WhiteElo "2765"]
[BlackElo "2764"]
[PlyCount "110"]
[EventDate "2019.08.13"]

1. c4 Nf6 2. Nc3 g6 3. e4 e5 4. Nf3 Nc6 5. d4 exd4 6. Nxd4 Bg7 7. Nxc6 bxc6 8.
e5 Qe7 9. Qe2 Ng8 10. Bf4 Qe6 11. Ne4 Ne7 12. Ng5 Qf5 13. g3 d5 14. Bh3 Qxh3
15. Nxh3 Bxh3 16. e6 Bxe6 17. Be5 Bxe5 18. Qxe5 O-O-O 19. O-O-O dxc4 20. Qc5
Nd5 21. Qxc6 Nb6 22. Rhe1 Rd3 23. Rxd3 cxd3 24. Rxe6 fxe6 25. Qxe6+ Kb8 26. Qe7
Kc8 27. Qe6+ Kb8 28. Qf6 Re8 29. Kd2 Re5 30. Kxd3 Rf5 31. Qh8+ Kb7 32. f4 Rf7
33. Ke2 a5 34. b3 a4 35. bxa4 Re7+ 36. Kf3 Nxa4 37. Qd8 Re6 38. Qd7 Rc6 39.
Qxh7 Kb6 40. h4 Nc3 41. Qf7 Nb5 42. h5 Nd4+ 43. Ke4 Nb5 44. Kf3 gxh5 45. Qxh5
Rc3+ 46. Kg4 c5 47. f5 Rc2 48. Qh6+ Ka5 49. Qe3 Rc4+ 50. Kh3 Rc3 51. Qf4 Nd4
52. f6 Rf3 53. Qc7+ Kb4 54. f7 Kc4 55. Qe7 Nf5 1-0

[Event "GCT Saint Louis (blitz) 2019"]
[Site "Saint Louis USA"]
[Date "2019.08.14"]
[Round "11"]
[White "Dominguez Perez, Leinier"]
[Black "Ding, Liren"]
[Result "1/2-1/2"]
[WhiteElo "2763"]
[BlackElo "2805"]
[PlyCount "56"]
[EventDate "2019.08.13"]

1. e4 e5 2. Nf3 Nc6 3. Bb5 a6 4. Ba4 Nf6 5. O-O Be7 6. Re1 b5 7. Bb3 O-O 8. a4
b4 9. d4 d6 10. dxe5 Nxe5 11. Nxe5 dxe5 12. Qe2 a5 13. Nd2 Bc5 14. h3 Bb7 15.
Bc4 Qe7 16. Bd3 Rfd8 17. Nf3 h6 18. Nh4 Bc8 19. Qf3 Rb8 20. Bc4 Rb6 21. b3 Rbd6
22. Bb2 Rd2 23. Re2 Rxe2 24. Qxe2 Ng4 25. Nf5 Bxf5 26. hxg4 Be6 27. Bxe6 Qxe6
28. Rd1 Rd6 1/2-1/2

[Event "GCT Saint Louis (blitz) 2019"]
[Site "Saint Louis USA"]
[Date "2019.08.14"]
[Round "12"]
[White "Caruana, Fabiano"]
[Black "Dominguez Perez, Leinier"]
[Result "1-0"]
[WhiteElo "2818"]
[BlackElo "2763"]
[PlyCount "85"]
[EventDate "2019.08.13"]

1. e4 e5 2. Nf3 Nc6 3. Bb5 Nf6 4. d3 Bc5 5. c3 O-O 6. O-O Re8 7. Bg5 h6 8. Bh4
a6 9. Ba4 Be7 10. Bg3 d6 11. Nbd2 Bf8 12. h3 b5 13. Bc2 Ne7 14. a4 Bd7 15. Re1
Ng6 16. Nf1 c5 17. Ne3 Qc7 18. Nh4 Ne7 19. Qf3 Reb8 20. Red1 bxa4 21. Nc4 Be6
22. Rdb1 Nd7 23. Bxa4 Nb6 24. Bb3 Nxc4 25. Bxc4 Bxc4 26. dxc4 Rb3 27. Qd3 Rab8
28. Rxa6 R8b6 29. Ra2 g6 30. Nf3 Qb7 31. Qc2 f5 32. Nd2 f4 33. Bh2 g5 34. Kh1
h5 35. Nxb3 Rxb3 36. Rba1 Kf7 37. Qd1 Rxb2 38. Qxh5+ Kf6 39. Ra6 Rd2 40. h4
gxh4 41. Qxh4+ Kf7 42. Bxf4 Re2 43. Qh5+ 1-0